যন্ত্রপাতি / (Record no. 12198)
[ view plain ]
| 000 -LEADER | |
|---|---|
| fixed length control field | 00839nam a2200253 a 4500 |
| 001 - CONTROL NUMBER | |
| JCCL Control Number | 12198 |
| 003 - CONTROL NUMBER IDENTIFIER | |
| JCCL marc code | BD-JhCC |
| 005 - DATE AND TIME OF LATEST TRANSACTION | |
| control field | 20210323121017.0 |
| 008 - FIXED-LENGTH DATA ELEMENTS--GENERAL INFORMATION | |
| fixed length control field | 210323b2017 bg a|||| ||a| 000 0 ben d |
| 020 ## - INTERNATIONAL STANDARD BOOK NUMBER | |
| International Standard Book Number | 9846371330 |
| 035 ## - SYSTEM CONTROL NUMBER | |
| system control number | (BD-JhCC)12198 |
| 040 ## - CATALOGING SOURCE | |
| Original cataloging agency | BD-JhCC |
| Modifying agency | BD-JhCC |
| 041 ## - LANGUAGE CODE | |
| Language code of Book | bengali |
| 082 ## - DEWEY DECIMAL CLASSIFICATION NUMBER | |
| Classification number | 032.083 |
| Author mark and Year | ZON 2017 |
| 245 ## - TITLE STATEMENT | |
| Title | যন্ত্রপাতি / |
| Statement of responsibility, etc | সম্পা: আলী ইমাম । |
| 260 ## - PUBLICATION, DISTRIBUTION, ETC. (IMPRINT) | |
| Place of publication, distribution, etc | ঢাকা : |
| Name of publisher, distributor, etc | বিজ্ঞান একাডেমী; |
| Date of publication, distribution, etc | ২০১৭. |
| 300 ## - PHYSICAL DESCRIPTION | |
| Pagination | 52 P. : |
| Other physical details | ill ; |
| Dimensions | 24 cm. |
| 490 ## - SERIES STATEMENT | |
| Series statement | ছোটদের বিজ্ঞানপিডিয়া --০৮ |
| 650 ## - SUBJECT ADDED ENTRY--TOPICAL TERM | |
| Topical term or geographic name as entry element | Children's encyclopedias and dictionaries |
| 650 ## - SUBJECT ADDED ENTRY--TOPICAL TERM | |
| Topical term or geographic name as entry element | Encyclopedias and dictionaries |
| 700 ## - ADDED ENTRY--PERSONAL NAME | |
| Personal name | ইমাম, আলী |
| 942 ## - ADDED ENTRY ELEMENTS (KOHA) | |
| Source of classification or shelving scheme | Dewey Decimal Classification |
| Koha item type | Books |
| Source of classification or shelving scheme | Damaged status | Not for loan | Home library | Current library | Shelving location | Date of accession | Source of acquisition | Cost, normal purchase price | Total Checkouts | Full call number | Barcode | Date last seen | Copy number | Koha item type |
|---|---|---|---|---|---|---|---|---|---|---|---|---|---|---|
| Dewey Decimal Classification | JCC Rouf Library | JCC Rouf Library | General Stacks | 03/23/2021 | Lt. Gen. Mahfuzur Rahman (10th intake) | 113.00 | 032.083 ZON 2017 | 16288 | 03/23/2021 | C-1 | Books |